000 00969nam a2200229Ia 4500
005 20210727153455.0
008 170503s2005 xx ao g 000 0 s
020 _a3833114037
041 _aspa
082 0 4 _a720.9
_bG95h
245 0 0 _aHistoria de la arquitectura
_bde la antigüedad a nuestros días
_cJan Gympel ; ilustraciones de Christina Melhose
250 _a1a. edición
300 _a119 páginas
_bilustraciones., fotos
_c30 cm
500 _aIncluye glosario
505 _aLa antigüedad y el paleocristianismo -- El islam -- El románico -- El gótico -- El renacimiento -- El barroco y el rococó -- El neoclasicismo -- El historicismo y la arquitectura de ingeniería -- Primera mitad del siglo XX -- Segunda mital del siglo XX
942 _2ddc
_cBK
264 _aColonia
_bKönemann
_c2005
336 _atexto
_btxt
_2rdacontent
337 _asin mediación
_bn
_2rdamedia
338 _avolumen
_bnc
_2rdacarrier
040 _aCO-BoRNBP
_bspa
_erda
_cCO-BoRNBP
999 _c8620
_d8620